| 000 | 01103cam a22002891i 4500 | ||
|---|---|---|---|
| 003 | SA-RiAUC | ||
| 005 | 20260420135454.0 | ||
| 008 | 260420s2002 su g 000 0 ara c | ||
| 020 | _a9960795551 | ||
| 040 |
_aJO-AmJU _bara _cSA-RiAUC _erda |
||
| 050 | 4 | _b.S26 2002 | |
| 082 | 0 | 4 |
_a810.90112 _qSA-RiAUC |
| 090 |
_a810.90112 _bس ا م |
||
| 100 | 1 |
_aالسامرائي، إبراهيم، _d1923-2001 _eمؤلف. |
|
| 245 | 1 | 2 |
_aإلى أين مع الجديد ؟ : _bفي فتنة الحداثة والمعاصرة / _cإبراهيم السامرائي. |
| 250 | _aالطبعة الأولى. | ||
| 264 | 1 |
_aبيروت : _bمكتبة ودار ابن حزم للنشر والتوزيع، _c2002 |
|
| 300 |
_a314 صفحة ؛ _c24 سم |
||
| 336 |
_aنص _btxt _2rdacontent _3كتاب |
||
| 337 |
_aبدون وسيط _bn _2rdamedia |
||
| 338 |
_aمجلد _bnc _2rdacarrier |
||
| 650 | 7 |
_aالأدب العربي _xتاريخ ونقد _yقرن 20 _2aucsh |
|
| 650 | 7 |
_aالحداثة (أدب) _2aucsh |
|
| 653 | _aالآداب | ||
| 942 |
_2ddc _cBOOK _n0 |
||
| 949 |
_aSA-JeALM _d260420 _ueid123 _n1 |
||
| 999 |
_c14876 _d14876 |
||